Elektronické podnikanie a obchod v cestovnom ruchu diplomová práca

Guardado en:
Detalles Bibliográficos
Autor principal: Čisárová, Veronika
Autor Corporativo: Obchodná fakulta EU. Katedra služieb a cestovného ruchu - zrušené
Otros Autores: Benešová, Dana, 1958-
Formato: Libro
Lenguaje:eslovaco
Publicado: Bratislava 2010
Etiquetas: Agregar Etiqueta
Sin Etiquetas, Sea el primero en etiquetar este registro!

MARC

LEADER 00000nam$a2200000$$$4500
001 0118497
005 20240318122030.9
041 0 |a slo 
044 |a SK 
245 1 0 |a Elektronické podnikanie a obchod v cestovnom ruchu  |b diplomová práca  |c Veronika Čisárová ; škol. Dana Benešová 
264 1 |a Bratislava  |c 2010 
300 |a 64 s. 
100 1 |a Čisárová, Veronika 
700 1 |a Benešová, Dana, 1958- 
710 2 |a Obchodná fakulta EU. Katedra služieb a cestovného ruchu - zrušené